000 00753nam a2200229Ia 4500
001 9042
003 GE_BSU
008 181216s||||||||xx |||||||||||||| ||und||
040 _cGE_BSU
080 _a821.353.1-32
100 _aკობერიძე,კარლო
245 _aვენახიდან სახლამდე
245 _bმოთხრობები
245 _cრედ:ს.დემურხანაშვილი;მხატვ:ზ.ხარაბაძე
260 _aთბილისი.
260 _bმერანი
260 _c1973
300 _a295გვ;21სმ.
653 _aვენახიდან სახლამდე
653 _aმოთხრობები
942 _cBK
999 _c42346
_d42346